[Event "5th Open"]
[Site "Vandoeuvre les Nancy FRA"]
[Date "2008.12.28"]
[Round "6"]
[White "Riff,JN"]
[Black "Steininger,D"]
[Result "1/2-1/2"]
[WhiteElo "2512"]
[BlackElo "1987"]

1.e4 d6 2.d4 Nf6 3.Nc3 Nbd7 4.g4 e5 5.g5 Ng8 6.h4 h5 7.f4 exf4 8.Bxf4 g6
9.Bc4 Nb6 10.Bb3 Bg4 11.Qd2 Bg7 12.Qf2 Ne7 13.Be5 O-O 14.Bxg7 Kxg7 15.Qf6+ Kh7
16.Nge2 Nc6 17.O-O Qxf6 18.Rxf6 Kg7 19.Raf1 Nd8 20.Kg2 Ne6 21.Bxe6 fxe6 22.Rxf8 Rxf8
23.Rxf8 Kxf8 24.Nf4 Kf7 25.Nb5 Nc4 26.Nxc7 a6 27.Kf2 Nxb2 28.Ke3 e5 29.dxe5 dxe5
30.Nfd5 Nc4+ 31.Kd3 Nd6 32.c4 Bf3 33.Nc3 Ke7 34.N7d5+ Ke6 35.Nf6 Nc8 36.c5 Ne7
37.Ncd5 Nc6 38.Ne8 Nd8 39.Nd6 Bg2 40.Ne3 Bf3 41.Nec4 Bd1 42.Na5 b6 43.Nab7 Nxb7
44.Nxb7 b5 45.Nd8+ Ke7 46.Nc6+ Ke6 47.Nb4 a5 48.Nc6 a4 49.a3 Bb3 50.Kc3 Bd1
51.Nb4 Bf3 52.Kd3 Kd7 53.Ke3 Bg2 54.Nd3 Kc6 55.Nxe5+ Kxc5 56.Nxg6 b4 57.axb4+ Kxb4
58.Nf4 a3 59.g6  1/2-1/2

[Event "Open A"]
[Site "Groningen NED"]
[Date "2008.12.29"]
[Round "8"]
[White "Rotstein,A"]
[Black "Gagunashvili,M"]
[Result "1/2-1/2"]
[WhiteElo "2496"]
[BlackElo "2576"]

1.d4 d6 2.e4 Nf6 3.Nc3 e5 4.dxe5 dxe5 5.Qxd8+ Kxd8 6.Bc4 Ke8 7.Bg5 Nbd7 8.O-O-O a6
9.Nf3 Bd6 10.Rhe1 h6 11.Bh4 Kf8 12.h3 g6 13.Nd2 Kg7 14.Bf1 Bb4 15.Nd5 Nxd5
16.exd5 Re8 17.c3 Bd6 18.f4 b6 19.Nc4 Bb7 20.fxe5 Nxe5 21.Nxd6 cxd6 22.Bf2 b5
23.b3 Bc8 24.c4 bxc4 25.bxc4 h5 26.Bd4 f6 27.Kd2 Bf5 28.Re3 a5 29.Rb3 Reb8
30.Rc1 a4 31.Rb5 Bd7 32.Rb6 Rxb6 33.Bxb6 Kf7 34.Rb1 Rb8 35.Rb4 Rc8 36.a3 Ke7
37.Kc3 g5 38.Kd4 h4 39.c5 dxc5+ 40.Bxc5+ Kf7 41.Rb7 Kg6 42.Bb5 Bxb5 43.Rxb5 g4
44.hxg4 Kg5 45.d6 Kxg4 46.Rb7 Rg8 47.Kd5 Kg3 48.Rh7 Rg4 49.Bd4 Kxg2 50.Bxe5 fxe5
51.d7 h3 52.Kxe5 Rg8 53.Rg7+ Rxg7 54.d8=Q h2 55.Qd2+ Kg1 56.Qd4+ Kg2  1/2-1/2

[Event "Czech Christmas"]
[Site "Litomysl CZE"]
[Date "2008.12.29"]
[Round "5"]
[White "Petr,Ma"]
[Black "Sabol,M"]
[Result "1/2-1/2"]
[WhiteElo "2452"]
[BlackElo "2354"]

1.e4 d6 2.d4 Nf6 3.Nc3 e5 4.dxe5 dxe5 5.Qxd8+ Kxd8 6.Bg5 c6 7.O-O-O+ Kc7
8.f4 h6 9.Bxf6 gxf6 10.fxe5 fxe5 11.Nf3 f6 12.Nh4 Be6 13.Bd3 Nd7 14.Rhf1 Rg8
15.Ne2 Bc5 16.Kb1 Rg4 17.g3 Rg5 18.Ng1 b5 19.Ngf3 Rgg8 20.Be2 Bh3 21.Rh1 a5
22.Ng1 Bg4 23.h3 Be6 24.g4 a4 25.Ngf3 a3 26.b3 Rad8 27.Rhf1 Be3 28.Ng2 Bc5
29.Nfh4 Be7 30.Ne3 Nc5 31.Bf3 Rge8 32.Bg2 Rxd1+ 33.Rxd1 Bg8 34.Nhf5 Bf8 35.c3 Ne6
36.Kc2 Nf4 37.Bf1 Bh7 38.h4 Bc5 39.Ng2 Bxf5 40.exf5 Nxg2 41.Bxg2 Be7 42.b4 Rd8
43.Rxd8 Bxd8 44.Kb3 Kd6 45.Kxa3 Bb6 46.Kb3 Bf2 47.h5 Be3 48.a4 bxa4+ 49.Kxa4 Kc7
50.Ka5 Bd2 51.Ka4  1/2-1/2

[Event "46th ch-IND National A"]
[Site "Mangalore IND"]
[Date "2008.12.29"]
[Round "12"]
[White "Negi,P"]
[Black "Akshayraj,K"]
[Result "0-1"]
[WhiteElo "2597"]
[BlackElo "2400"]

1.e4 d6 2.d4 Nf6 3.Nc3 e5 4.dxe5 dxe5 5.Qxd8+ Kxd8 6.Bc4 Be6 7.Bxe6 fxe6
8.f3 Nbd7 9.Be3 Bc5 10.Ke2 Ke7 11.Nh3 a6 12.Nf2 Bd4 13.Ncd1 b5 14.c3 Bxe3
15.Nxe3 c5 16.c4 Nb8 17.Nd3 Nfd7 18.b4 Nc6 19.bxc5 b4 20.Kf2 a5 21.Nd5+ exd5
22.cxd5 Nd4 23.c6 Nb6 24.Nxe5 Rhf8 25.Nd3 Kd6 26.Rac1 Na4 27.Rc4 Nb5 28.Ke3 Na3
29.Kd4 Nxc4 30.Kxc4 Nb6+ 31.Kd4 Nxd5 32.exd5 Rf5 33.f4 Re8 34.Kc4 Re4+ 35.Kb3 Rxd5
36.Ne5 Rxf4 37.Rc1 Kc7 38.Nd7 Rd3+ 39.Ka4 b3+ 40.Kb5 bxa2 41.Nc5 Rd5 42.Re1 Rb4+  0-1

[Event "Open"]
[Site "Pamplona ESP"]
[Date "2008.12.29"]
[Round "9"]
[White "Argandona Salinas,G"]
[Black "Vega Gutierrez,B"]
[Result "1/2-1/2"]
[WhiteElo "2055"]
[BlackElo "2226"]

1.d4 d6 2.e4 Nf6 3.Nc3 e5 4.dxe5 dxe5 5.Qxd8+ Kxd8 6.Bg5 c6 7.Bc4 Ke8 8.Nge2 Nfd7
9.O-O Nc5 10.Rad1 f6 11.Be3 Nba6 12.Bxa6 Nxa6 13.a3 Be6 14.f4 Bc5 15.Bxc5 Nxc5
16.fxe5 fxe5 17.Ng3 g6 18.h3 Ke7 19.Rd2 Rhf8 20.Rxf8 Rxf8 21.Rf2 Rd8 22.Kf1 b5
23.Ke1 a5 24.Rd2 Rf8 25.Rf2 Ra8 26.b3 b4 27.axb4 axb4 28.Nd1 Bxb3 29.cxb3 Nd3+
30.Ke2 Nxf2 31.Nxf2 Ra3 32.Nd3 Rxb3 33.Nf1 Rb1 34.Nd2 Rg1 35.Kf2 Rd1 36.Ke2 Rg1
37.Ne1 c5 38.Kf2 Rh1 39.Nd3 b3 40.Ke2 Rg1 41.Kf2 Ra1 42.Ke3 Rg1 43.Kf2 Ra1
44.Ke3 Rg1 45.Kf2 Ra1 46.Ke3  1/2-1/2

[Event "Christmas Master Open"]
[Site "Zurich SUI"]
[Date "2008.12.29"]
[Round "6"]
[White "Nemcova,Kat"]
[Black "Nuri,Kam"]
[Result "0-1"]
[WhiteElo "2369"]
[BlackElo "2179"]

1.e4 d6 2.d4 Nf6 3.Nc3 e5 4.Nf3 Nbd7 5.g4 Nxg4 6.Rg1 exd4 7.Nxd4 Nde5 8.Bf4 g5
9.Bg3 h5 10.h3 h4 11.hxg4 hxg3 12.Rxg3 Bg7 13.f3 Nc6 14.Nxc6 bxc6 15.Qd2 Be5
16.Rh3 Rxh3 17.Bxh3 Rb8 18.Nd1 Qf6 19.Qd3 Bxb2 20.Rb1 Rb6 21.Nxb2 Rxb2 22.Rxb2 Qxb2
23.Qb3 Qxb3 24.axb3 Ke7 25.Kd2 Kf6 26.Ke3 Ke5 27.Bf1 d5 28.Bd3 d4+ 29.Ke2 a5
30.Bc4 Be6 31.Ba6 c5 32.Bb5 Kf4 33.Kf2 f6 34.Ke2 Kg3  0-1

[Event "17th Donau Open"]
[Site "Aschach AUT"]
[Date "2008.12.30"]
[Round "6"]
[White "Borosova,Z"]
[Black "Eisenbeiser,A"]
[Result "1-0"]
[WhiteElo "2234"]
[BlackElo "2424"]

1.e4 d6 2.d4 Nf6 3.Nc3 e5 4.Nf3 Nbd7 5.Bc4 Be7 6.O-O O-O 7.a4 exd4 8.Qxd4 Ng4
9.Nd5 Nde5 10.Nxe5 Nxe5 11.Be2 Bh4 12.f4 Bg4 13.Qd1 Bxe2 14.Qxe2 Nd7 15.Rd1 Re8
16.g3 Bf6 17.e5 Kh8 18.Be3 dxe5 19.Nxf6 Qxf6 20.Rxd7 exf4 21.gxf4 Qg6+ 22.Kf2 Qh6
23.Rg1 Qxh2+ 24.Rg2 Qh4+ 25.Kg1 Qh3 26.Rd3 Rad8 27.Rxd8 Rxd8 28.Bd4 f6 29.Qe7 Qd7
30.Qxd7 Rxd7 31.Bc3 Re7 32.Rd2 h6 33.Kf2 Kh7 34.f5 Kg8 35.Rd8+ Kh7 36.Kf3 c6
37.a5 a6 38.Rd3 Kg8 39.Bd4 Re1 40.Bb6 Re5 41.Kf4 Re2 42.Rc3 Kf7 43.Be3 g5+
44.fxg6+ Kxg6 45.Kf3 Rh2 46.Bf4 Rh5 47.Bc7 Rf5+ 48.Kg2 Rg5+ 49.Rg3 Kf5 50.Kf3 h5
51.Bf4 Rg4 52.Rxg4 hxg4+ 53.Ke3 Ke6 54.Ke4 c5 55.Bg3 c4 56.c3 f5+ 57.Kd4 Kf6
58.Bf4  1-0

[Event "Christmas Master Open"]
[Site "Zurich SUI"]
[Date "2008.12.30"]
[Round "7"]
[White "Wyss,J"]
[Black "Varga,Zo"]
[Result "1-0"]
[WhiteElo "2211"]
[BlackElo "2494"]

1.e4 d6 2.d4 Nf6 3.Nc3 Nbd7 4.g4 h6 5.h3 e5 6.Nge2 c6 7.a4 Qc7 8.Bg2 b6 9.O-O Be7
10.f4 Ba6 11.b4 Bc4 12.Rf2 Nh7 13.Ng3 Bh4 14.Rf3 O-O 15.Nf5 Bf6 16.g5 hxg5
17.fxg5 Bd8 18.d5 cxd5 19.Nxd5 Bxd5 20.Qxd5 Bxg5 21.Bxg5 Nxg5 22.Rg3 Ne6
23.Nh6+ Kh7 24.Nxf7 Nf4 25.Ng5+ Kh6 26.Nf7+ Rxf7 27.Qxf7 Ne2+ 28.Kh2 Nxg3
29.Kxg3 Qc3+ 30.Bf3 Nf6 31.Rf1 Rc8 32.Kh2 Qc4 33.Qxc4 Rxc4 34.Rd1 Ne8 35.Bg4 Rxb4
36.Bd7 Nf6 37.Rxd6 Rxe4 38.Bb5 Rd4 39.Re6 e4 40.Re7 a5 41.Re6 Rd2+ 42.Kg1 Rxc2
43.Rxb6 Kg5 44.Ra6 Kh4 45.Rxa5 Kxh3 46.Bf1+ Kg4 47.Re5 Kf4 48.Re7 g5 49.Rf7 Ke5
50.a5 Nd5 51.a6 Nf4 52.a7 Ra2 53.Bb5 Kd6 54.Rf6+ Kc5 55.Ra6  1-0

[Event "Hilton Schachfestival"]
[Site "Basel SUI"]
[Date "2009.01.03"]
[Round "4"]
[White "Czebe,A"]
[Black "Rukavina,J"]
[Result "1-0"]
[WhiteElo "2461"]
[BlackElo "2417"]

1.e4 d6 2.d4 Nf6 3.Nc3 e5 4.Nf3 Nbd7 5.g4 Nxg4 6.Rg1 Ngf6 7.Bc4 h6 8.Be3 c6
9.Qe2 Qe7 10.Bb3 Nb6 11.dxe5 dxe5 12.O-O-O Be6 13.Nh4 Bxb3 14.axb3 Qe6 15.Qd2 g6
16.Kb1 Be7 17.f3 Nfd7 18.Ng2 Bc5 19.Bxc5 Nxc5 20.f4 Ncd7 21.f5 gxf5 22.exf5 Qxf5
23.Ne3 Qe6 24.Qf2 O-O-O 25.Nf5 Nf6 26.Rxd8+ Rxd8 27.Nxh6 Nbd5 28.Nxd5 Nxd5
29.Qxf7 Qd7 30.h4 e4 31.Qxd7+ Kxd7 32.Ng4 Ke6 33.Nf2 Kf5 34.Kc1 e3 35.Nd3 Ke4
36.h5 Rh8 37.Rh1 Rh6 38.Kd1 Nf6 39.Rh4+ Kf3 40.Rf4+ Kg3 41.Ke2 Ng4 42.Rf5 Rd6
43.Rg5 Kh4 44.Rg6 Rd5 45.h6 Rh5 46.Kf3 Rf5+ 47.Ke4 Rf8 48.Nf4 Rh8 49.Kf3 Nxh6
50.Rg1 Rh7 51.c3 b6 52.b4 a6 53.Rg2 e2 54.Ng6+ Kh5 55.Nf4+ Kh4 56.Nxe2 Rh8
57.Nf4 Rh7 58.Rg1  1-0

[Event "TCh-BEL 2008-9"]
[Site "Belgium BEL"]
[Date "2009.01.04"]
[Round "6"]
[White "Werner,Iv"]
[Black "Verduyn,F"]
[Result "1-0"]
[WhiteElo "2076"]
[BlackElo "2199"]

1.e4 d6 2.d4 Nf6 3.Nc3 c6 4.Nf3 Bg4 5.h3 Bh5 6.Be2 e6 7.Bf4 d5 8.exd5 Bxf3
9.Bxf3 cxd5 10.O-O a6 11.Re1 Be7 12.Ne2 Nc6 13.Nc1 Qb6 14.Nb3 O-O 15.c3 Rfc8
16.g4 Qd8 17.Nc1 b5 18.Nd3 b4 19.Qe2 Nd7 20.Rec1 a5 21.Qe3 Nb6 22.b3 Bf6
23.Ne5 Nxe5 24.dxe5 Be7 25.c4 Rab8 26.Rd1 Bc5 27.Qe2 Qh4 28.cxd5 Nxd5 29.Bxd5 exd5
30.Kg2 d4 31.e6 Rb7 32.Qa6 Qe7 33.Rac1 fxe6 34.Bd6 Bxd6 35.Rxc8+ Kf7 36.Rxd4 Rd7
37.Qd3 e5 38.Qf5+  1-0

[Event "14th Open"]
[Site "Bosnjaci CRO"]
[Date "2009.01.04"]
[Round "2"]
[White "Djurkovic,M"]
[Black "Tratar,M"]
[Result "1-0"]
[WhiteElo "2124"]
[BlackElo "2497"]

1.d4 d6 2.e4 Nf6 3.Nc3 e5 4.Nge2 Be7 5.h3 c6 6.a4 a5 7.g3 Na6 8.Bg2 Nb4 9.O-O O-O
10.Be3 d5 11.dxe5 Nxe4 12.Nxe4 dxe4 13.Bxe4 Bxh3 14.Nf4 Qxd1 15.Rfxd1 Bc8
16.Bb6 g5 17.Ng2 Re8 18.Ne3 Bf8 19.Rd8 Rxd8 20.Bxd8 h6 21.Rd1 Be6 22.Kg2 Bc5
23.Nf5 Bxf5 24.Bxf5 Nd5 25.Bf6 Re8 26.Kf3 h5 27.Bxg5 Rxe5 28.g4 hxg4+ 29.Kxg4 Bxf2
30.Bc8 Be3 31.Bh4 Bc5 32.Re1 Ne3+ 33.Kf3 Rh5 34.Bf6 Nd5 35.Re8+ Kh7 36.Be5 f6
37.Bg3 b6 38.Bd7 Nb4 39.Kg4 Rg5+ 40.Kh4 Rd5 41.Be6 Rd1 42.c3 Nd3 43.Bf5+ Kg7
44.Rc8 Nxb2 45.Rc7+ Kf8 46.Rxc6 Nxa4 47.Rxf6+ Ke8 48.Re6+ Kd8 49.Be5 Nb2
50.Rc6 Nc4 51.Rc8+ Ke7 52.Rc7+ Kd8 53.Rc8+ Ke7 54.Rc7+ Ke8 55.Bf6 Rh1+ 56.Kg5 Rg1+
57.Kh6 Nd6 58.Bg6+ Kf8 59.Bg7+  1-0

[Event "Masters"]
[Site "Hastings ENG"]
[Date "2009.01.04"]
[Round "8"]
[White "Green,An"]
[Black "Prosviriakov,V"]
[Result "1-0"]
[WhiteElo "2102"]
[BlackElo "2327"]

1.e4 d6 2.d4 Nf6 3.Nc3 e5 4.Nf3 Nbd7 5.a4 Be7 6.Bc4 c6 7.O-O Qc7 8.Ba2 O-O
9.h3 b6 10.Be3 Bb7 11.Qe2 a6 12.dxe5 dxe5 13.Qc4 b5 14.axb5 axb5 15.Nxb5 Qb8
16.Na7 Rxa7 17.Bxa7 Qxa7 18.Qxf7+ Rxf7 19.Bxf7+ Kxf7 20.Rxa7 Bc8 21.Rd1 Ke8
22.Ra8 Kd8 23.Nxe5 Bc5 24.b4 Bb6 25.Nxd7 Nxd7 26.e5 Kc7 27.e6 Nf6 28.e7 Bd7
29.Rd8 Be8 30.Rxe8 Nxe8 31.Rd8  1-0

[Event "47th XtraCon TCh-DEN 2008-9"]
[Site "Denmark DEN"]
[Date "2009.01.10"]
[Round "4"]
[White "Pedersen,Da"]
[Black "Hansen,Bj"]
[Result "1-0"]
[WhiteElo "2251"]
[BlackElo "2257"]

1.e4 d6 2.d4 c6 3.Nc3 Nf6 4.f4 Qa5 5.Bd3 e5 6.Nf3 exd4 7.Nxd4 Be7 8.h3 d5
9.Nb3 Qb6 10.e5 Ne4 11.Bxe4 Bh4+ 12.Ke2 Qf2+ 13.Kd3 Na6 14.Qe2 dxe4+ 15.Kxe4 Qg3
16.Qf3 Bf5+ 17.Ke3 Qg6 18.g4 Bxc2 19.f5 Qh6+ 20.Ke2 Bg5 21.h4 Bxc1 22.Raxc1 c5
23.Rxc2 Nb4 24.Rd2 O-O 25.Rd6  1-0

[Event "47th XtraCon TCh-DEN 2008-9"]
[Site "Denmark DEN"]
[Date "2009.01.10"]
[Round "4"]
[White "Lilja,R"]
[Black "Preuss,F"]
[Result "1/2-1/2"]
[WhiteElo "2131"]
[BlackElo "2040"]

1.e4 d6 2.d4 Nf6 3.Nc3 e5 4.dxe5 dxe5 5.Qxd8+ Kxd8 6.Bg5 Be6 7.O-O-O+ Nd7
8.f4 exf4 9.e5 h6 10.Bxf6+ gxf6 11.exf6 a6 12.Nge2 Bd6 13.Ne4 Be5 14.Nd4 Ke8
15.Nxe6 fxe6 16.Bc4 Nxf6 17.Nxf6+ Bxf6 18.Bxe6 Rd8 19.Rde1 Rd6 20.Rhf1 Kd8
21.Rd1 Be5 22.Rxd6+ Bxd6 23.Kd2 h5 24.Rf3 h4 25.Rb3 b6 26.Rd3 Re8 27.Bf7 Re7
28.Bg6 Re3 29.h3 Rg3 30.Be4 Rg5 31.Rd5 Rxd5+ 32.Bxd5 Ke7 33.Kd3 Kf6 34.Ke4 a5
35.Bc6 Be5 36.c3 Bd6 37.Bd7 Be5 38.Kf3 Kg5 39.a3 Bd6 40.Ke4 Kf6 41.Kd5 Ke7
42.Bc8 Kf6 43.b4 axb4 44.cxb4 Ke7 45.Bb7 c5 46.bxc5 Bxc5 47.a4 Bf2 48.Ba6 Kf6
49.Bd3 Kg5 50.Be4 Bg1 51.Ke5 Bf2 52.Bd3 Bc5 53.Ke4 Bf2 54.Be2 Bc5 55.Bf3 Bf2
56.Kd5 Bg1  1/2-1/2

[Event "7th Parsvnath Open"]
[Site "New Delhi IND"]
[Date "2009.01.14"]
[Round "5"]
[White "Ismagambetov,An"]
[Black "Koshy,V"]
[Result "1/2-1/2"]
[WhiteElo "2523"]
[BlackElo "2248"]

1.e4 d6 2.d4 Nf6 3.Nc3 e5 4.Nf3 exd4 5.Nxd4 g6 6.g3 Bg7 7.Bg2 O-O 8.O-O Nc6
9.Nxc6 bxc6 10.Bg5 h6 11.Bf4 Bb7 12.Qd2 Kh7 13.Rad1 Re8 14.Rfe1 Ng4 15.Qe2 Ne5
16.Bc1 c5 17.Nd5 Rb8 18.h3 Qc8 19.f4 Nc6 20.c3 Ne7 21.Ne3 f5 22.exf5 Nxf5
23.Qf2 Nxe3 24.Rxe3 Rxe3 25.Qxe3 Bxg2 26.Kxg2 Qg8 27.a3 Re8 28.Qf3 Qc4 29.Kf2 a5
30.Rd3 a4 31.Rd1 Qe4 32.Qxe4 Rxe4 33.Be3 Re8 34.Kf3 Kg8 35.Rd2 Kf7 36.g4 Ke6
37.Bf2 Kf7 38.Be3 Ke6 39.Bg1 Kf7 40.Bf2 Bf6 41.Be3  1/2-1/2

[Event "7th Parsvnath Open"]
[Site "New Delhi IND"]
[Date "2009.01.15"]
[Round "6"]
[White "Shashikant,K"]
[Black "Murali Krishnan,B"]
[Result "1-0"]
[WhiteElo "2285"]
[BlackElo "2444"]

1.e4 d6 2.d4 Nf6 3.Nc3 e5 4.Nf3 Nbd7 5.Bc4 Be7 6.O-O O-O 7.Re1 c6 8.a4 a5
9.Ba2 Qb6 10.h3 Re8 11.Be3 exd4 12.Bxd4 Nc5 13.Ng5 Rf8 14.e5 dxe5 15.Rxe5 Bd6
16.Re1 Qc7 17.Bxf6 gxf6 18.Nge4 Nxe4 19.Nxe4 Be5 20.c3 Kg7 21.Qh5 Be6 22.Ng5 Bf5
23.Nxf7 Rxf7 24.Bxf7 Bc2 25.Bc4 Bg6 26.Qf3 Qb6 27.Rad1 Rd8 28.Rxd8 Qxd8 29.Rd1 Qe7
30.Bd3 Bc7 31.Bxg6 hxg6 32.Qe3  1-0

[Event "7th Parsvnath Open"]
[Site "New Delhi IND"]
[Date "2009.01.16"]
[Round "7"]
[White "Thejkumar,M"]
[Black "Koshy,V"]
[Result "1-0"]
[WhiteElo "2424"]
[BlackElo "2248"]

1.d4 d6 2.e4 Nf6 3.Nc3 e5 4.Nf3 Nbd7 5.Bc4 Be7 6.O-O O-O 7.Re1 c6 8.a4 b6
9.h3 a6 10.Ba2 Ne8 11.Ne2 g6 12.Bh6 Ng7 13.Qd2 Qc7 14.Rad1 Bf6 15.Nh2 exd4
16.Ng4 c5 17.c3 Be7 18.Nf4 Bb7 19.cxd4 Nf6 20.dxc5  1-0

[Event "TCh-AUT 2nd Bundesliga Ost 2008-9"]
[Site "Austria AUT"]
[Date "2009.01.17"]
[Round "6"]
[White "Amberger,D"]
[Black "Stuhlik,M"]
[Result "0-1"]
[WhiteElo "2104"]
[BlackElo "2185"]

1.d4 d6 2.e4 Nf6 3.Nc3 c6 4.Be3 Qa5 5.Qd2 e5 6.Nf3 Nbd7 7.Bd3 b5 8.O-O a6
9.a4 b4 10.Ne2 c5 11.dxe5 dxe5 12.Bc4 h6 13.Ng3 Bb7 14.Bd5 Nxd5 15.exd5 g6
16.Rfe1 O-O-O 17.c4 f5 18.Nh4 Qb6 19.f4 e4 20.Ne2 Be7 21.g3 Rdg8 22.Ng2 Nf6
23.Nc1 Ng4 24.Nb3 Rh7 25.Rad1 Bd6 26.Kh1 Nxe3 27.Nxe3 Kb8 28.Rg1 Bc8 29.Rg2 Bd7
30.a5 Qc7 31.Rdg1 g5 32.fxg5 hxg5 33.Qf2 Rf8 34.Nf1 Be8 35.Qe3 Qe7 36.Nbd2 Bg6
37.Qb3 Rh3 38.Qd1 Rfh8 39.Qe2 Qh7 40.Qf2 f4 41.gxf4 Bxf4  0-1

[Event "Open"]
[Site "Marianske Lazne CZE"]
[Date "2009.01.17"]
[Round "1"]
[White "Rasmussen,He2"]
[Black "Dekic,J"]
[Result "0-1"]
[WhiteElo "1934"]
[BlackElo "2351"]

1.e4 d6 2.d4 Nf6 3.Nc3 Nbd7 4.Nf3 e5 5.dxe5 dxe5 6.Bc4 Be7 7.O-O O-O 8.h3 c6
9.a3 b5 10.Be2 Qc7 11.Be3 Nc5 12.Nd2 Rd8 13.Qc1 Ne6 14.Rd1 Nd4 15.Bf1 Be6
16.Ne2 a6 17.Ng3 c5 18.c4 Rab8 19.cxb5 axb5 20.a4 bxa4 21.Rxa4 Qb7 22.Bxd4 cxd4
23.Bc4 Rdc8 24.b3 Bb4 25.f3 Bxd2 26.Qxd2 Bxc4 27.bxc4 Qb3 28.Rda1 h6 29.Qa2 Qe3+
30.Qf2 Qxf2+ 31.Kxf2 Rb2+ 32.Kf1 Rc2 33.Nf5 R8xc4 34.Ra8+ Kh7 35.R8a7 Rc7
36.Nd6 Kg6 37.Nf5 Nh5 38.Rxc7 Rxc7 39.Ra2 Nf4 40.Rd2 h5 41.Kf2 Kh7 42.Ng3 g6
43.Ne2 Ne6 44.g3 Rb7 45.Nc1 Nc5 46.Ke2 Kg7 47.Nd3 Nxd3 48.Kxd3 Rb3+ 49.Ke2 f5
50.exf5 gxf5 51.Kf2 Kf6 52.h4 Rb4 53.Ra2 e4 54.Ra6+ Ke5 55.Ra5+ Ke6 56.Ra6+ Kd5
57.Ra5+ Kc4 58.Rxf5 e3+ 59.Kg2 Rb2+ 60.Kh3 d3  0-1

[Event "7th Parsvnath Open"]
[Site "New Delhi IND"]
[Date "2009.01.17"]
[Round "8"]
[White "Shyam,SM"]
[Black "Anwesh,U"]
[Result "1-0"]
[WhiteElo "2426"]
[BlackElo "2269"]

1.e4 d6 2.d4 Nf6 3.Nc3 e5 4.Nf3 Nbd7 5.Bc4 Be7 6.O-O O-O 7.a4 c6 8.Qe2 Qc7
9.Rd1 b6 10.b3 exd4 11.Nxd4 Ne5 12.Ba3 Rd8 13.Ba6 Bf8 14.Bxc8 Raxc8 15.f4 Ng6
16.g3 Re8 17.Qd3 Rcd8 18.Nf5 c5 19.Bb2 Qc6 20.Re1 d5 21.e5 c4 22.Qf3 Qc5+
23.Kh1 Ne4 24.Nxe4 dxe4 25.Qxe4 cxb3 26.cxb3 Rd2 27.Bd4 Qb4 28.Rab1 Rd8 29.Bg1 R8d3
30.Qxb4 Bxb4 31.Be3 Rc2 32.Red1 Rxd1+ 33.Rxd1 Nf8 34.Rd3 Rb2 35.Nd4 Ne6 36.Nc6 Bc5
37.f5  1-0

[Event "Queenstown Classic"]
[Site "Queenstown NZL"]
[Date "2009.01.17"]
[Round "3"]
[White "Steadman,M"]
[Black "Zickelbein,EM"]
[Result "1-0"]
[WhiteElo "2273"]
[BlackElo "2070"]

1.d4 d6 2.e4 Nf6 3.Nc3 e5 4.Nge2 Be7 5.h3 O-O 6.Be3 c6 7.f4 exd4 8.Nxd4 d5
9.e5 Ne4 10.Nxe4 dxe4 11.Bc4 Bh4+ 12.Kf1 b5 13.Nxb5 Qxd1+ 14.Rxd1 cxb5 15.Bd5 Rd8
16.Ke2 Rxd5 17.Rxd5 Be6 18.Rd6 Bc4+ 19.Kd1 Be7 20.Rd2 Nc6 21.b3 Be6 22.Ke2 h5
23.c3 h4 24.Bd4 f5 25.exf6 gxf6 26.f5 Nxd4+ 27.Rxd4 Bxf5 28.Rf1 Bg6 29.Rd7 Bh5+
30.Ke3 Bc5+ 31.Kxe4 Re8+ 32.Kf5 Bf7 33.Kxf6 Bxb3 34.Rg7+ Kh8 35.axb3 Rf8+
36.Rf7 Rg8 37.Rf5  1-0

[Event "4NCL 2008-9"]
[Site "Sunningdale ENG"]
[Date "2009.01.17"]
[Round "5"]
[White "Sowray,P"]
[Black "Buckley,D"]
[Result "0-1"]
[WhiteElo "2303"]
[BlackElo "2245"]

1.d4 d6 2.e4 Nf6 3.Nc3 e5 4.Nf3 Nbd7 5.Bc4 Be7 6.O-O O-O 7.Re1 c6 8.a4 b6
9.b3 Bb7 10.Bb2 a6 11.Bf1 b5 12.Qd3 Re8 13.g3 Bf8 14.axb5 axb5 15.Rxa8 Qxa8
16.dxe5 dxe5 17.Ra1 Qb8 18.Nd2 Nc5 19.Qe3 Rd8 20.h3 Ne6 21.Nf3 Nd4 22.Rd1 Nxc2
23.Rxd8 Qxd8 24.Qa7 Qc7 25.Nxe5 Qxe5 26.Qxb7 b4 27.Bc4 Qe8 28.Ne2 Nxe4 29.Be5 Bc5
30.Kg2 Nd2 31.Qc7 Nxc4 32.bxc4 f6 33.Qb8 Qxb8 34.Bxb8 b3 35.Nc3 Na3 36.Na4 Bd4
37.Bd6 Nxc4 38.Bb4 b2  0-1

[Event "4NCL 2008-9"]
[Site "Sunningdale ENG"]
[Date "2009.01.17"]
[Round "5"]
[White "Van Weersel,A"]
[Black "Shaw,J"]
[Result "0-1"]
[WhiteElo "2214"]
[BlackElo "2464"]

1.e4 d6 2.d4 Nf6 3.Nc3 e5 4.Nf3 Nbd7 5.Bc4 Be7 6.O-O O-O 7.Re1 c6 8.a4 b6
9.b3 a6 10.Ba3 Bb7 11.Bd3 b5 12.Ne2 Re8 13.Ng3 g6 14.Qd2 Qc7 15.c4 bxa4 16.b4 a5
17.b5 Bf8 18.Bb2 Bg7 19.bxc6 Bxc6 20.d5 Bb7 21.Rxa4 Nc5 22.Ra3 Reb8 23.Qc2 Bc8
24.Nd2 a4 25.Ne2 Ng4 26.Bc1 Bd7 27.h3 Nf6 28.Nc3 Bh6 29.Bf1 Kg7 30.Nb5 Qb6
31.Ra2 Ra6 32.Ba3 Bxd2 33.Bxc5 Qxc5 34.Qxd2 Rba8 35.Qe3 Qxe3 36.Rxe3 Ne8
37.Rc3 Ra5 38.f3 Kf6 39.Kf2 Ke7 40.Be2 f5 41.Rca3 f4 42.Nc3 Nc7 43.Bd1 Na6
44.Rb2 Nc5 45.Ke2 g5 46.Rb6 R5a6 47.Rb1 Kd8 48.Na2 Kc7 49.Nc1 Rb6 50.Rxb6 Kxb6
51.Ra1 Ka5 52.Kd2 Rb8 53.Kc3 h5 54.Ra2 g4 55.hxg4 hxg4 56.Nd3 g3 57.Nxc5 dxc5
58.Ra1 Rh8 59.Rb1 Ka6 60.Bc2 Rh2 61.Rg1 Ka5 62.Bd3 Bc8 63.Bc2 a3 64.Kb3 a2
65.Kxa2 Kb4 66.Kb2 Kxc4 67.Ba4 Kb4 68.Be8 Bh3 69.d6 Bxg2 70.d7 Bh3+ 71.Kc1 Bxd7
72.Bxd7 Kc3 73.Bb5 g2  0-1

[Event "4NCL 2008-9"]
[Site "Sunningdale ENG"]
[Date "2009.01.18"]
[Round "6"]
[White "Karim,I"]
[Black "Muter,D"]
[Result "0-1"]
[WhiteElo "2407"]
[BlackElo "2207"]

1.e4 d6 2.d4 Nf6 3.Nc3 e5 4.Nge2 Be7 5.h3 h5 6.g3 c6 7.a4 Nbd7 8.Bg2 Qc7
9.O-O O-O 10.b3 Re8 11.Ba3 Rb8 12.a5 b5 13.axb6 axb6 14.d5 Bb7 15.dxc6 Bxc6
16.Nc1 Nc5 17.Re1 h4 18.N1a2 b5 19.Nb4 Qb6 20.g4 Qb7 21.Qe2 Bd7 22.Rad1 Rec8
23.Bb2 Bf8 24.Ncd5 Nh7 25.Bc1 Ne6 26.Be3 Bc6 27.Nxc6 Qxc6 28.Nb4 Qc3 29.Qd2 Nf6
30.Qxc3 Rxc3 31.Bc1 Rbc8 32.Bb2 Rxc2 33.Nxc2 Rxc2 34.Bc1 Nd4 35.Be3 Nxb3
36.Rb1 Rc3 37.Rb2 Nc5 38.Rxb5 Nfxe4 39.g5 Be7 40.Bxc5 Nxc5 41.Rb8+ Kh7 42.f4 Ne6
43.Rb7 Rc7 44.Rxc7 Nxc7 45.fxe5 dxe5 46.Rxe5 Ne6 47.Bd5 Bd6 48.Rf5 Kg6 49.Bxe6 fxe6
50.Ra5 Bf4 51.Ra6 Kf5 52.g6 Bg5 53.Kg2 Bf6 54.Kf3 e5 55.Ra4 Kxg6 56.Kg4 Be7
57.Ra6+ Bf6 58.Rb6 Kf7 59.Kf5 Ke7 60.Ra6 Kd7 61.Ke4 Ke7 62.Kd5 Kf7 63.Ra4 Kg6
64.Ke6 Kg5 65.Rg4+ Kh6 66.Kf5 Kh7 67.Rc4 Kg8 68.Kg6 Kf8 69.Rc7 Ke8 70.Kf5 Kf8
71.Ke6 Kg8 72.Rc8+ Kh7 73.Kf5 e4 74.Kxe4 Bb2 75.Kf5 Ba1 76.Kg5 Bf6+ 77.Kh5 Be7
78.Ra8 Bf6 79.Re8 g6+ 80.Kg4 Kg7 81.Kf3 Kf7 82.Ra8 Be5 83.Ra7+ Kf6 84.Kg4 Bg3
85.Ra6+ Kf7 86.Kg5 Ke7 87.Kxg6 Kd7 88.Kf5 Bd6 89.Ke4 Ke7 90.Ra7+ Ke6 91.Ra6 Ke7
92.Kf5 Bb8 93.Re6+ Kd7 94.Re4 Bg3 95.Kf6 Kd6 96.Rd4+ Kc5 97.Rd8 Bf2 98.Ke5 Bg3+
99.Ke4 Bf2 100.Rf8 Bg3 101.Rf6 Be1 102.Rf1 Bg3 103.Rd1 Bh2 104.Rd5+ Kc6 105.Rd2 Bg3
106.Kf5 Kc5 107.Kg5 Be1 108.Rd8 Kc6 109.Rd1 Bf2 110.Rd3 Be1 111.Kf5 Bg3 112.Ke6  0-1

[Event "Open"]
[Site "Marianske Lazne CZE"]
[Date "2009.01.19"]
[Round "3"]
[White "Dmochowska,A"]
[Black "Horyna,J"]
[Result "1/2-1/2"]
[WhiteElo "1519"]
[BlackElo "1903"]

1.e4 d6 2.d4 Nf6 3.Nc3 e5 4.Nf3 exd4 5.Nxd4 c6 6.Be3 Be7 7.f4 Qa5 8.Bd3 O-O
9.h3 Bd7 10.g4 c5 11.Nf3 c4 12.Bxc4 Nxe4 13.Bd4 Nxc3 14.Bxc3 Qc7 15.Bd3 Bc6
16.Rf1 Nd7 17.Qd2 Nc5 18.O-O-O Rac8 19.Bf5 Rcd8 20.g5 Na4 21.Bb4 g6 22.Bg4 Nc5
23.h4 f5 24.Bh3 Ne4 25.Qd3 a5 26.Ba3 d5 27.Bxe7 Qxe7 28.Ne5 Qc5 29.Qd4 Qxd4
30.Rxd4 Bb5 31.Re1 Ng3 32.Kb1 Ne2 33.Rd2 Nxf4 34.Bf1 Bxf1 35.Rxf1 Ne6 36.Rfd1 d4
37.Nf3 Rd6 38.c3 Rfd8 39.cxd4  1/2-1/2

[Event "ch-PriFO"]
[Site "Kazan RUS"]
[Date "2009.01.22"]
[Round "2"]
[White "Ioffe,D"]
[Black "Zaynutdinov,I"]
[Result "1-0"]
[WhiteElo "2159"]
[BlackElo "1904"]

1.e4 d6 2.d4 Nf6 3.Nc3 e5 4.Nf3 Nbd7 5.Bc4 Be7 6.O-O O-O 7.Qe2 c6 8.Rd1 b5
9.dxe5 dxe5 10.Nxe5 bxc4 11.Nxc6 Qe8 12.e5 Bc5 13.exf6 Qxe2 14.Nxe2 Nxf6
15.Ncd4 Bb7 16.Bf4 Rfe8 17.c3 Rad8 18.Re1 Be4 19.Rad1 Bd3 20.Nc6 Ng4 21.Ned4 Rc8
22.h3 Nf6 23.Ne5 Bxd4 24.Nxd3 Bxc3 25.bxc3 cxd3 26.Rxe8+ Rxe8 27.Rxd3 h6
28.Be3 Re7 29.Rd8+ Kh7 30.Ra8 Rc7 31.Bd4 Nd5 32.Rxa7 Rxa7 33.Bxa7 Nxc3 34.a3 Kg6
35.Kf1 f6 36.Ke1 Kf5 37.Bc5 Ke5 38.Bf8 g6 39.Bxh6 Kd4 40.Bg7 Nd5 41.g3 Kd3
42.Bf8 Nc3 43.Bc5 Kc4 44.Bb4 Nd5 45.Ke2 Nxb4 46.axb4 Kxb4 47.Ke3 Kc5 48.h4 Kd5
49.Kf4 Ke6 50.g4 Kf7 51.Ke4 Ke6 52.f4 f5+ 53.gxf5+ gxf5+ 54.Kd4  1-0

[Event "ch-PriFO"]
[Site "Kazan RUS"]
[Date "2009.01.22"]
[Round "2"]
[White "Kuznetsov,N"]
[Black "Startsev,V"]
[Result "1-0"]
[WhiteElo "2373"]
[BlackElo "2219"]

1.d4 d6 2.e4 Nf6 3.Nc3 e5 4.dxe5 dxe5 5.Qxd8+ Kxd8 6.Bc4 Be6 7.Bxe6 fxe6
8.Bg5 Bd6 9.O-O-O Nc6 10.Nge2 h6 11.Be3 Ke7 12.f3 a6 13.h4 Nh5 14.Rhg1 Rhf8
15.Rdf1 b5 16.a3 Na5 17.g4 Nf4 18.Nxf4 exf4 19.Bd4 e5 20.Nd5+ Ke6 21.Bf2 c6
22.Nb4 g6 23.b3 Rfc8 24.Kb2 Nb7 25.Nd3 c5 26.Rd1 Be7 27.h5 gxh5 28.gxh5 Rg8
29.c4 Rac8 30.Kc2 Rg5 31.Rxg5 hxg5 32.Nxe5 Nd6 33.Rd5 Rh8 34.Ng6 Rxh5 35.Nxe7 Rh2
36.Rd2 bxc4 37.Nd5 cxb3+ 38.Kxb3 Rh3 39.Nc7+ Kd7 40.Bxc5 Rxf3+ 41.Kb4 Kxc7
42.Rxd6 Re3 43.Re6 Re2 44.Kc3 g4 45.Kd3 f3 46.Rf6 Kd7 47.Rg6 Rg2 48.Rf6 a5
49.e5 Re2 50.Bd4 Ke7 51.Rf4 Rg2  1-0